• 首页
  • 本馆介绍
  • 公告通知
  • 最新文献
  • 馆藏检索
  • 电子资源
  • 读者导购
  • 参考咨询
  • 我的图书馆
  • 登录
  • 详细信息显示
  • 放入我的书架
  • 预约/预借图书
  • 作者相关作品
  • 分类相关作品
  • 丛书相关作品
  • 出版社相关作品

书目信息

  • 表格格式
  • 工作单格式
  • 卡片格式
题名:
生物的故事
    
 
作者: 亨特 , 沃尔特 著 ;王影 译
分册:  
出版信息: 天津   天津科学技术出版社  2020.01
页数: 650页
开本: 24cm
丛书名:
单 册:
中图分类: Q-49
科图分类:
主题词: 生物学--sheng wu xue--普及读物
电子资源:
ISBN: 978-7-5576-5342-2
000 01072nam0 2200277 450
001 0109110208
005 20201109143245.72
010    @a978-7-5576-5342-2@dCNY99.00
100    @a20200622d2020 em y0chiy50 ea
101 1  @achi@ceng
102    @aCN@b120000
105    @aa z 000yy
106    @ar
200 1  @a生物的故事@Asheng wu de gu shi@f(美)乔治·威廉·亨特, (美)赫伯特·尤金·沃尔特著@g王影译
210    @a天津@c天津科学技术出版社@d2020.01
215    @a650页@c图@d24cm
300    @a经典译文
330    @a本书叙述的内容主要分为两大部分,动物和植物,从宏观入手,在生物背景方面对动植物进行介绍,并揭示了生物之间的关系,再从微观的角度上,由单细胞生物开始讲起,叙述动植物的具体特征,生理结构、功能,以及繁殖、遗传、变异等问题。
510 1  @aBiology: the story of living things@zeng
606 0  @a生物学@Asheng wu xue@j普及读物
690    @aQ-49@v5
701  0 @c(美)@a亨特@Aheng te@f(1874-1948)@4著
701  0 @c(美)@a沃尔特@Awo er te@f(1867-1945)@4著
702  0 @a王影@Awang ying@4译
801  0 @aCN@bBJSZM@c20201103
905    @b1240480-2@dQ-49@e102@f3
    
    生物的故事/(美)乔治·威廉·亨特, (美)赫伯特·尤金·沃尔特著/王影译.-天津:天津科学技术出版社,2020.01
    650页:图;24cm
    经典译文
    
    ISBN 978-7-5576-5342-2:CNY99.00
    本书叙述的内容主要分为两大部分,动物和植物,从宏观入手,在生物背景方面对动植物进行介绍,并揭示了生物之间的关系,再从微观的角度上,由单细胞生物开始讲起,叙述动植物的具体特征,生理结构、功能,以及繁殖、遗传、变异等问题。
●
相关链接 在E读中查询图书 在五车中查询图书 在当当中查询图书 在豆瓣中查询图书


正题名:生物的故事     索取号:Q-49/102         预约/预借

序号 登录号 条形码 馆藏地/架位号 状态 备注
1 1240480   212404806   第二样本阅览室/ [索取号:Q-49/102] 在馆    
2 1240481   212404815   第三借阅区/ [索取号:Q-49/102] 在馆    
3 1240482   212404824   第三借阅区/ [索取号:Q-49/102] 在馆    
唐山师范学院图书馆 欢迎您!
大连网信软件有限公司© 版权所有